[Event "RE-2016-0-00174"]
[Site "LSS email"]
[Date "2016.07.16"]
[Round "?"]
[White "Chura, Michal"]
[Black "De Ridder, Michael"]
[Result "1-0"]
[WhiteElo "1436"]
[BlackElo "1513"]
[PlyCount "35"]
[EventDate "2016.05.29"]
[EventType "tourn (corr)"]
[EventRounds "6"]
[EventCountry "GER"]
[SourceTitle "Corr 2022"]
[Source "ChessBase"]
[SourceDate "2021.10.24"]
[SourceVersion "1"]
[SourceVersionDate "2021.10.24"]
[SourceQuality "1"]

1. f4 d5 2. Nf3 Bg4 3. e3 Nc6 4. Bb5 Qd6 5. 0-0 f6 6. Qe1 a6 7. Ba4 b5 8. Bb3 Nh6 9. Nc3 e6 10. a4 b4 11. Ne2 Be7 12. Ned4 0-0 13. Qf2 e5 14. Nxc6 Qxc6 15. e4 Be6 16. exd5 Bxd5 17. Bxd5+ Qxd5 18. d3 1-0

[Event "OP-2016-0-04100"]
[Site "LSS email"]
[Date "2016.07.16"]
[Round "?"]
[White "De Ridder, Michael"]
[Black "Hoffmann, Thomas"]
[Result "0-1"]
[WhiteElo "1486"]
[BlackElo "1671"]
[PlyCount "28"]
[EventDate "2016.07.10"]
[EventType "tourn (corr)"]
[EventRounds "4"]
[EventCountry "GER"]
[SourceTitle "Corr 2022"]
[Source "ChessBase"]
[SourceDate "2021.10.24"]
[SourceVersion "1"]
[SourceVersionDate "2021.10.24"]
[SourceQuality "1"]

1. Nc3 e5 2. d4 exd4 3. Qxd4 Nc6 4. Qd1 Nf6 5. Nf3 Bb4 6. Bd2 0-0 7. e3 d5 8. Bd3 Bg4 9. h3 Bxf3 10. gxf3 Re8 11. Rg1 d4 12. Ne4 dxe3 13. fxe3 Nxe4 14. Bxe4 Qh4+ 0-1

[Event "RE-2016-0-00174"]
[Site "LSS email"]
[Date "2016.07.16"]
[Round "?"]
[White "Puzanov, Vasyl"]
[Black "De Ridder, Michael"]
[Result "0-1"]
[WhiteElo "1421"]
[BlackElo "1513"]
[PlyCount "22"]
[EventDate "2016.05.29"]
[EventType "tourn (corr)"]
[EventRounds "6"]
[EventCountry "GER"]
[SourceTitle "Corr 2022"]
[Source "ChessBase"]
[SourceDate "2021.10.24"]
[SourceVersion "1"]
[SourceVersionDate "2021.10.24"]
[SourceQuality "1"]

1. e4 c6 2. d4 d5 3. exd5 cxd5 4. Nf3 Nc6 5. Be3 Bg4 6. Be2 e6 7. Nbd2 Bd6 8. h3 Bf5 9. 0-0 Nge7 10. c3 0-0 11. Re1 Qb6 0-1

[Event "OP-2016-0-03974"]
[Site "LSS email"]
[Date "2016.02.29"]
[Round "?"]
[White "De Ridder, Michael"]
[Black "Komarov, Valerij"]
[Result "0-1"]
[WhiteElo "1529"]
[BlackElo "878"]
[PlyCount "38"]
[EventDate "2016.02.24"]
[EventType "tourn (corr)"]
[EventRounds "4"]
[EventCountry "GER"]
[SourceTitle "Corr 2022"]
[Source "ChessBase"]
[SourceDate "2021.10.24"]
[SourceVersion "1"]
[SourceVersionDate "2021.10.24"]
[SourceQuality "1"]

1. d4 Nf6 2. Bg5 d5 3. Bxf6 exf6 4. e3 Bd6 5. h4 f5 6. g3 0-0 7. Bg2 c6 8. Nd2 Be6 9. c3 b5 10. Ne2 Nd7 11. 0-0 Nf6 12. Nf4 Bxf4 13. exf4 Ng4 14. Nf3 h6 15. Ne5 Bd7 16. a4 Nxe5 17. dxe5 a6 18. b4 Re8 19. Qd4 Qc7 0-1

[Event "OP-2016-0-03974"]
[Site "LSS email"]
[Date "2016.02.29"]
[Round "?"]
[White "De Ridder, Michael"]
[Black "Osipov, Anatoly Vladimirovi"]
[Result "0-1"]
[WhiteElo "1529"]
[BlackElo "2289"]
[PlyCount "38"]
[EventDate "2016.02.24"]
[EventType "tourn (corr)"]
[EventRounds "4"]
[EventCountry "GER"]
[SourceTitle "Corr 2022"]
[Source "ChessBase"]
[SourceDate "2021.10.24"]
[SourceVersion "1"]
[SourceVersionDate "2021.10.24"]
[SourceQuality "1"]

1. e4 c5 2. Nf3 d6 3. Bb5+ Bd7 4. Bxd7+ Qxd7 5. 0-0 Nc6 6. c4 e5 7. Nc3 g6 8. Nd5 Bg7 9. Qa4 Rc8 10. a3 f5 11. b4 Nge7 12. bxc5 dxc5 13. d3 fxe4 14. dxe4 Nd4 15. Qd1 Nxd5 16. cxd5 0-0 17. Nxd4 exd4 18. Bb2 Qe7 19. Qg4 c4 0-1

[Event "OP-2016-0-03974"]
[Site "LSS email"]
[Date "2016.02.29"]
[Round "?"]
[White "Glowinski, Daniel"]
[Black "De Ridder, Michael"]
[Result "1-0"]
[WhiteElo "1444"]
[BlackElo "1529"]
[PlyCount "41"]
[EventDate "2016.02.24"]
[EventType "tourn (corr)"]
[EventRounds "4"]
[EventCountry "GER"]
[SourceTitle "Corr 2022"]
[Source "ChessBase"]
[SourceDate "2021.10.24"]
[SourceVersion "1"]
[SourceVersionDate "2021.10.24"]
[SourceQuality "1"]

1. e4 Nf6 2. e5 Nd5 3. d4 d6 4. c4 Nb6 5. Nf3 g6 6. Nc3 Bg7 7. c5 dxc5 8. dxc5 Qxd1+ 9. Kxd1 N6d7 10. Nd5 Kd8 11. Bf4 Nxc5 12. Be3 b6 13. Ng5 e6 14. Nxf7+ Ke8 15. Nxc7+ Kxf7 16. Nxa8 Bxe5 17. Rc1 Rd8+ 18. Ke1 Bb7 19. Bxc5 bxc5 20. Rxc5 Rd5 21. Rc7+ 1-0

[Event "ZI-2015-0-02026"]
[Site "LSS email"]
[Date "2015.08.22"]
[Round "?"]
[White "Perez, Zancasteabro"]
[Black "De Ridder, Michael"]
[Result "1-0"]
[WhiteElo "1643"]
[BlackElo "1588"]
[PlyCount "45"]
[EventDate "2015.08.14"]
[EventType "match (corr)"]
[EventRounds "2"]
[EventCountry "GER"]
[SourceTitle "Corr 2022"]
[Source "ChessBase"]
[SourceDate "2021.10.24"]
[SourceVersion "1"]
[SourceVersionDate "2021.10.24"]
[SourceQuality "1"]

1. d4 Nf6 2. c4 e6 3. Nc3 Bb4 4. e3 0-0 5. Bd2 d5 6. Nf3 Re8 7. Bd3 dxc4 8. Bxc4 b6 9. 0-0 Bb7 10. Qe2 Nbd7 11. Rfd1 a6 12. a3 Bd6 13. e4 e5 14. d5 b5 15. Ba2 Nf8 16. Rac1 Ng6 17. g3 h6 18. b4 Bc8 19. Ne1 Nh7 20. Bb3 f5 21. exf5 Bxf5 22. Ne4 Nf4 23. gxf4 1-0

[Event "LSS No Engine Cup 136 Preliminary 0"]
[Site "LSS email"]
[Date "2015.08.07"]
[Round "?"]
[White "De Ridder, Michael"]
[Black "Raines, David T"]
[Result "1-0"]
[WhiteElo "1800"]
[BlackElo "1444"]
[PlyCount "43"]
[EventDate "2015.08.08"]
[EventType "tourn (corr)"]
[EventRounds "6"]
[EventCountry "GER"]
[SourceTitle "Corr 2022"]
[Source "ChessBase"]
[SourceDate "2021.10.24"]
[SourceVersion "1"]
[SourceVersionDate "2021.10.24"]
[SourceQuality "1"]

1. e4 c5 2. Nf3 d6 3. Bb5+ Bd7 4. Qe2 Nc6 5. c3 a6 6. Bxc6 Bxc6 7. d4 cxd4 8. Nxd4 Nf6 9. Nxc6 bxc6 10. 0-0 g6 11. e5 Nd5 12. Rd1 Bg7 13. c4 Nc7 14. exd6 Ne6 15. d7+ Kf8 16. Be3 h5 17. Nc3 c5 18. Na4 Nd4 19. Bxd4 Bxd4 20. Qe4 Rb8 21. Nxc5 Bxc5 22. Qe5 1-0

[Event "LSS No Engine Cup 132 Preliminary 0"]
[Site "LSS email"]
[Date "2015.06.06"]
[Round "?"]
[White "De Ridder, Michael"]
[Black "Hoehne, Volkmar"]
[Result "0-1"]
[WhiteElo "1835"]
[BlackElo "2081"]
[PlyCount "64"]
[EventDate "2015.06.07"]
[EventType "tourn (corr)"]
[EventRounds "6"]
[EventCountry "GER"]
[SourceTitle "Corr 2022"]
[Source "ChessBase"]
[SourceDate "2021.10.24"]
[SourceVersion "1"]
[SourceVersionDate "2021.10.24"]
[SourceQuality "1"]

1. e4 c5 2. Nf3 d6 3. Bb5+ Bd7 4. Bxd7+ Qxd7 5. 0-0 Nc6 6. c3 Nf6 7. Re1 e6 8. d4 cxd4 9. cxd4 d5 10. e5 Ne4 11. Nbd2 Nxd2 12. Bxd2 Be7 13. Rc1 0-0 14. Re3 Rfc8 15. Rec3 Bd8 16. a3 h6 17. h4 Bb6 18. Qc2 a6 19. g4 Ne7 20. Qd3 Rc6 21. Kg2 Rac8 22. Rxc6 Nxc6 23. Bc3 Rf8 24. Re1 f6 25. Qe3 Re8 26. g5 fxg5 27. hxg5 Qf7 28. gxh6 Qg6+ 29. Kf1 Qxh6 30. Ke2 Qh5 31. Kd2 Rf8 32. Ng5 Bxd4 0-1

[Event "LSS No Engine Cup 132 Preliminary 0"]
[Site "LSS email"]
[Date "2015.06.06"]
[Round "?"]
[White "Heiser, Jerome"]
[Black "De Ridder, Michael"]
[Result "0-1"]
[WhiteElo "909"]
[BlackElo "1835"]
[PlyCount "36"]
[EventDate "2015.06.07"]
[EventType "tourn (corr)"]
[EventRounds "6"]
[EventCountry "GER"]
[SourceTitle "Corr 2022"]
[Source "ChessBase"]
[SourceDate "2021.10.24"]
[SourceVersion "1"]
[SourceVersionDate "2021.10.24"]
[SourceQuality "1"]

1. e4 e5 2. Nf3 Nc6 3. d4 exd4 4. Nxd4 Bc5 5. Be3 Qf6 6. c3 Nge7 7. Qf3 Nxd4 8. cxd4 Bxd4 9. Bxd4 Qxd4 10. Qe2 0-0 11. g3 d5 12. Nc3 dxe4 13. Rd1 Qb6 14. Nxe4 Nc6 15. Bg2 Nd4 16. Qc4 Rd8 17. 0-0 Be6 18. Qc3 Ne2+ 0-1

[Event "LSS No Engine Cup 132 Preliminary 0"]
[Site "LSS email"]
[Date "2015.06.06"]
[Round "?"]
[White "Stadler, Pavel"]
[Black "De Ridder, Michael"]
[Result "1-0"]
[WhiteElo "1765"]
[BlackElo "1835"]
[PlyCount "57"]
[EventDate "2015.06.07"]
[EventType "tourn (corr)"]
[EventRounds "6"]
[EventCountry "GER"]
[SourceTitle "Corr 2022"]
[Source "ChessBase"]
[SourceDate "2021.10.24"]
[SourceVersion "1"]
[SourceVersionDate "2021.10.24"]
[SourceQuality "1"]

1. e4 c6 2. Nc3 d5 3. Nf3 dxe4 4. Nxe4 Bf5 5. Ng3 Bg6 6. h4 h6 7. Ne5 Qd6 8. Nxg6 Qxg6 9. d4 Nd7 10. Bd3 Qd6 11. c3 Ngf6 12. Nf5 Qc7 13. Qf3 0-0-0 14. Bf4 e5 15. Bg3 g6 16. Ne3 Bg7 17. Nc4 Nh5 18. Bh2 Nf4 19. Bxf4 exf4 20. 0-0-0 Kb8 21. Rhe1 Rhe8 22. g3 Rxe1 23. Rxe1 c5 24. d5 b5 25. d6 Qb7 26. Qxb7+ Kxb7 27. Nd2 b4 28. cxb4 cxb4 29. Re7 1-0

[Event "ZI-2015-0-01965"]
[Site "LSS email"]
[Date "2015.05.11"]
[Round "?"]
[White "Casas Renteria, Enrique"]
[Black "De Ridder, Michael"]
[Result "0-1"]
[WhiteElo "1769"]
[BlackElo "1578"]
[PlyCount "38"]
[EventDate "2015.04.27"]
[EventType "match (corr)"]
[EventRounds "2"]
[EventCountry "GER"]
[SourceTitle "Corr 2022"]
[Source "ChessBase"]
[SourceDate "2021.10.24"]
[SourceVersion "1"]
[SourceVersionDate "2021.10.24"]
[SourceQuality "1"]

1. d4 Nf6 2. c4 e6 3. Nc3 Bb4 4. e3 0-0 5. Nf3 c5 6. Bd3 d5 7. a3 Bxc3+ 8. bxc3 cxd4 9. cxd4 dxc4 10. Bxc4 Nbd7 11. 0-0 Nb6 12. Ba2 Nbd5 13. Bb2 Bd7 14. Rc1 Bb5 15. Re1 Qa5 16. Qb3 Rac8 17. e4 Nf4 18. Bc3 Qb6 19. Bd2 Ne2+ 0-1

[Event "LSS No Engine Cup 125 Preliminary 0"]
[Site "LSS email"]
[Date "2015.02.12"]
[Round "?"]
[White "De Ridder, Michael"]
[Black "Boni, Roberto"]
[Result "0-1"]
[WhiteElo "1835"]
[BlackElo "1726"]
[PlyCount "112"]
[EventDate "2015.02.13"]
[EventType "tourn (corr)"]
[EventRounds "6"]
[EventCountry "GER"]
[SourceTitle "Corr 2022"]
[Source "ChessBase"]
[SourceDate "2021.10.24"]
[SourceVersion "1"]
[SourceVersionDate "2021.10.24"]
[SourceQuality "1"]

1. d4 Nf6 2. Bg5 c5 3. d5 Ne4 4. h4 Qb6 5. Bc1 e6 6. Nf3 Be7 7. Ng5 Nf6 8. c4 h6 9. Nf3 exd5 10. cxd5 d6 11. Na3 Bf5 12. e3 Nbd7 13. Nc4 Qd8 14. a4 Nb6 15. Nxb6 Qxb6 16. Be2 Qb4+ 17. Bd2 Qxb2 18. 0-0 0-0 19. Bc4 Qb6 20. Be1 Bg4 21. Rb1 Qc7 22. Qb3 Bxf3 23. gxf3 Rab8 24. Kg2 Qc8 25. Qc2 Nh5 26. Rh1 a6 27. a5 Qd8 28. Rb6 Qd7 29. Qb1 Bd8 30. Rb3 b5 31. axb6 Qa4 32. Be2 Nf6 33. e4 Nh5 34. Bd2 f5 35. Qd3 Rxb6 36. Rxb6 Bxb6 37. Qxa6 Qxa6 38. Bxa6 Ra8 39. Ra1 Nf6 40. Bc3 fxe4 41. Bxf6 exf3+ 42. Kxf3 gxf6 43. Rg1+ Kf7 44. Bd3 Ra3 45. Ke2 Ra2+ 46. Kf3 c4 47. Bg6+ Kf8 48. Rg2 c3 49. Bf5 Rd2 50. Be6 c2 51. Rg8+ Ke7 52. Rg7+ Kd8 53. Rg8+ Kc7 54. Rc8+ Kb7 55. Rc4 Rxf2+ 56. Ke4 Rd2 0-1

[Event "RC-2015-0-00165"]
[Site "LSS email"]
[Date "2015.01.17"]
[Round "?"]
[White "De Ridder, Michael"]
[Black "Malmstrom, Jan"]
[Result "0-1"]
[WhiteElo "1722"]
[BlackElo "1863"]
[PlyCount "26"]
[EventDate "2014.11.21"]
[EventType "tourn (corr)"]
[EventRounds "6"]
[EventCountry "GER"]
[SourceTitle "Corr 2022"]
[Source "ChessBase"]
[SourceDate "2021.10.24"]
[SourceVersion "1"]
[SourceVersionDate "2021.10.24"]
[SourceQuality "1"]

1. e4 e5 2. Nf3 Nc6 3. Bb5 f5 4. Nc3 d6 5. d3 Nf6 6. Bg5 Be7 7. Qe2 0-0 8. Bc4+ Kh8 9. Bxf6 Bxf6 10. 0-0-0 fxe4 11. Nxe4 Bg4 12. c3 d5 13. Nxf6 Rxf6 0-1

[Event "OP-2015-0-03618"]
[Site "LSS email"]
[Date "2015.01.13"]
[Round "?"]
[White "Castignani, Fausto"]
[Black "De Ridder, Michael"]
[Result "1-0"]
[WhiteElo "1764"]
[BlackElo "1722"]
[PlyCount "21"]
[EventDate "2015.01.08"]
[EventType "tourn (corr)"]
[EventRounds "4"]
[EventCountry "GER"]
[SourceTitle "Corr 2022"]
[Source "ChessBase"]
[SourceDate "2021.10.24"]
[SourceVersion "1"]
[SourceVersionDate "2021.10.24"]
[SourceQuality "1"]

1. e4 c6 2. d4 d5 3. Nc3 dxe4 4. Nxe4 Bf5 5. Ng3 Bg6 6. Nf3 Nd7 7. Bd3 e6 8. 0-0 Ngf6 9. Bxg6 hxg6 10. Re1 Bd6 11. Bg5 1-0